000 00688nam a2200181 i 4500
001 117164
003 ES-MaACL
005 20230906190836.0
007 t|
008 071121s1927 sp r ||||1| spa d
100 0 _aPeña y Braña, Luis de la.
_990285
245 1 3 _aLa reforma tributaria y la intervención de los contribuyentes
_b: conferencia en la Real Academia de Jurisprudencia y Legislación /
_cLuis de la Peña y Baña.
260 _aMadrid :
_bSuc. de Rivadeneyra,
_c1927.
300 _a32 p. ;
_c18 cm.
594 _aPrecede al tít.: Publicaciones de la Cámara Oficial de la Propiedad Urbana de Madrid.
852 _aES-MaACL
_j1706-F-13
852 _aES-MaACL
_j1735-F-10
999 _c117164
_d117164